Normal view MARC view
  • International Symposium on Applied Soil Physics in Stress Environments

Entry Meeting Name

Number of records used in: 2

001 - CONTROL NUMBER

  • control field: 7014

003 - CONTROL NUMBER IDENTIFIER

  • control field: NUST

005 - DATE AND TIME OF LATEST TRANSACTION

  • control field: 20171206121127.0

008 - FIXED-LENGTH DATA ELEMENTS

  • fixed length control field: 171206|| aca||aabn | a|a d

040 ## - CATALOGING SOURCE

  • Original cataloging agency: NUST
  • Transcribing agency: NUST

111 ## - HEADING--MEETING NAME

  • Meeting name or jurisdiction name as entry element: International Symposium on Applied Soil Physics in Stress Environments
  • Date of meeting: (1989 :
  • Location of meeting: Islāmābād, Pakistan)

670 ## - SOURCE DATA FOUND

  • Source citation: Work cat.: (NUST)0: International Symposium on Applied Soil Physics in Stress Environments (1989 : Islāmābād, Pakistan), Soil physics, application under stress environments :, 1990.
© 2023 Central Library, National University of Sciences and Technology. All Rights Reserved.